Memorias del nuevo siglo: jóvenes, trabajadores y artistas en la novela chilena reciente
Tallennettuna:
| Päätekijä: | |
|---|---|
| Aineistotyyppi: | Kirja |
| Kieli: | espanja |
| Julkaistu: |
Santiago
Cuarto Propio
2009
|
| Painos: | 1a. ed |
| Sarja: | Ensayo Literatura
|
| Aiheet: | |
| Tagit: |
Lisää tagi
Ei tageja, Lisää ensimmäinen tagi!
|
MARC
| LEADER | 00000nam a2200000 a 4500 | ||
|---|---|---|---|
| 001 | UCG5054 | ||
| 003 | CL-VaPUC | ||
| 008 | 101230e20090500CL |||||||||||||||||spa|d | ||
| 020 | |a 9789562604734 | ||
| 082 | 0 | 4 | |a Ch863.9 |b CAR |2 21 |
| 100 | |a Carreño Bolívar, Rubí |e author |9 464401 | ||
| 245 | 1 | 0 | |a Memorias del nuevo siglo: jóvenes, trabajadores y artistas en la novela chilena reciente |
| 250 | |a 1a. ed | ||
| 300 | |a 171 p | ||
| 942 | |c BK | ||
| 945 | |d 20101230 00:00:00 |a dcastane | ||
| 260 | |a Santiago |b Cuarto Propio |c 2009 | ||
| 650 | 0 | |a Crítica e interpretación |9 255042 | |
| 650 | 0 | |a Novela chilena |9 307631 | |
| 583 | |a last modification |c 20101230 00:00:00 |k Rodrigo Vera | ||
| 490 | 0 | |a Ensayo Literatura | |
| 999 | |c 343627 |d 343625 | ||
| 952 | |0 0 |1 0 |4 0 |6 CH_863_900000000000000_CAR_2009 |7 0 |8 A |9 441064 |a FDOPOS |b FDOPOS |d 2019-11-22 |i 4744470 |o Ch863.9 CAR 2009 |p 4744470 |r 2025-01-22 |w 2019-11-22 |y BK |k DLH | ||